| 000 | 00758nam a22002537a 4500 | ||
|---|---|---|---|
| 003 | CHAP | ||
| 005 | 20220329135802.0 | ||
| 008 | 971013s1991 uk r 00010 eng d | ||
| 010 | _a42106 | ||
| 011 | _a43078 | ||
| 035 | _a47214 | ||
| 040 | _cCHAP | ||
| 082 | 0 | 4 |
_a638.12 _bV47 |
| 100 | 0 | 0 |
_aVerma, L. R. _9118913 |
| 245 | 1 |
_aBeekeeping _b: in integrated mountain development, economic and scientific perspectives |
|
| 260 |
_aEdinburgh : _bAspect Publications, _c1991 |
||
| 300 | _a367 p. | ||
| 590 |
_aBATCH-UPD _b10 _c20130110 _lUCH01 _h2029 |
||
| 590 |
_aCONVERSION _b10 _c20130109 _lUCH01 _h1323 |
||
| 650 | 1 | 4 |
_aApicultura. _96241 |
| 901 | _aBK | ||
| 942 | _cLIBRO | ||
| 949 |
_a638.12 V47 _bBC _cLIBRO _d33724000000014 _eLIBRO _gI.175622 _h88896 _i47214 _si |
||
| 999 |
_c42106 _d42106 |
||